Regression Analysis for the social sciences (Record no. 13739)

000 -LEADER
fixed length control field 00379nam a22001577a 4500
020 ## - INTERNATIONAL STANDARD BOOK NUMBER
International Standard Book Number 9781138810532
082 ## - DEWEY DECIMAL CLASSIFICATION NUMBER
Classification number 519.536 GOR
100 ## - MAIN ENTRY--PERSONAL NAME
Personal name Rachel A. Gordon
245 ## - TITLE STATEMENT
Title Regression Analysis for the social sciences
250 ## - EDITION STATEMENT
Edition statement 2nd ed.
260 ## - PUBLICATION, DISTRIBUTION, ETC.
Place of publication, distribution, etc. New York
Name of publisher, distributor, etc. Routledge
Date of publication, distribution, etc. 2015
300 ## - PHYSICAL DESCRIPTION
Extent 543p.
650 ## - SUBJECT ADDED ENTRY--TOPICAL TERM
Topical term or geographic name entry element Social Sciences
650 ## - SUBJECT ADDED ENTRY--TOPICAL TERM
Topical term or geographic name entry element Regression analysis
942 ## - ADDED ENTRY ELEMENTS (KOHA)
Koha item type Book
Holdings
Withdrawn status Lost status Damaged status Not for loan Collection code Permanent Location Current Location Shelving location Date acquired Source of acquisition Cost, normal purchase price Total Checkouts Full call number Barcode Date last seen Date last checked out Price effective from Koha item type
          Central Library (CL) Central Library (CL) General Stacks 09/28/2016 Allied Book Company 13947.94 1 519.536 GOR SEECS013500 06/14/2024 02/21/2024 09/28/2016 Book
© 2023 Central Library, National University of Sciences and Technology. All Rights Reserved.